Dược lâm sàng đại cương
Uloženo v:
| Hlavní autor: | |
|---|---|
| Médium: | Kniha |
| Jazyk: | Undetermined |
| Vydáno: |
Hà Nội
Y Học
2003
|
| Tagy: |
Přidat tag
Žádné tagy, Buďte první, kdo otaguje tento záznam!
|
| Thư viện lưu trữ: | Trung tâm Học liệu Trường Đại học Cần Thơ |
|---|
| LEADER | 00490nam a2200181Ia 4500 | ||
|---|---|---|---|
| 001 | CTU_45534 | ||
| 008 | 210402s9999 xx 000 0 und d | ||
| 020 | |b 28000 | ||
| 082 | |a 615.7 | ||
| 082 | |b H527 | ||
| 100 | |a Hoàng Thị Kim Huyền | ||
| 245 | 0 | |a Dược lâm sàng đại cương | |
| 245 | 0 | |c Hoàng Thị Kim Huyền | |
| 260 | |a Hà Nội | ||
| 260 | |b Y Học | ||
| 260 | |c 2003 | ||
| 904 | |i Năm | ||
| 980 | |a Trung tâm Học liệu Trường Đại học Cần Thơ | ||